书目信息 |
| 题名: |
水力机械计算流体动力学
|
|
| 作者: | 吴玉林 , 刘树红 , 钱忠东 著 | |
| 分册: | ||
| 出版信息: | 北京 中国水利水电出版社 2007.10 |
|
| 页数: | 263页 | |
| 开本: | 26cm | |
| 丛书名: | 水力机械流体力学系列丛书 | |
| 单 册: | ||
| 中图分类: | TV136 | |
| 科图分类: | ||
| 主题词: | 水力机械--shui li ji xie--流体动力学--计算 | |
| 电子资源: | ||
| ISBN: | 978-7-5084-4506-9 | |
| 000 | 01122nam 2200289 450 | |
| 001 | 012008973828 | |
| 005 | 20080523082058.95 | |
| 010 | @a978-7-5084-4506-9@dCNY39.00 | |
| 100 | @a20080523d2007 em y0chiy0120 ea | |
| 101 | 0 | @achi |
| 102 | @aCN@b110000 | |
| 105 | @aa a 000yy | |
| 106 | @ar | |
| 200 | 1 | @a水力机械计算流体动力学@Ashui li ji xie ji suan liu ti dong li xue@f吴玉林, 刘树红, 钱忠东著@Fwu yu lin,liu shu hong,qian zhong dong zhu |
| 210 | @a北京@c中国水利水电出版社@d2007.10 | |
| 215 | @a263页@c图@d26cm | |
| 225 | 2 | @a水力机械流体力学系列丛书@Ashui li ji xie liu ti li xue xi lie cong shu |
| 320 | @a有书目 | |
| 330 | @a本书为水力机械流动数值计算的现状和今后发展趋势。水力机械三维定常湍流的数值计算:不可压缩三维定常湍流的基本方程和常用湍流模型,三维定常湍流的计算的数值方法。 | |
| 410 | 0 | @12001 @a水力机械流体力学系列丛书 |
| 606 | 0 | @a水力机械@Ashui li ji xie@x流体动力学@x计算 |
| 690 | @aTV136@v4 | |
| 701 | 0 | @a吴玉林@Awu yu lin@4著 |
| 701 | 0 | @a刘树红@Aliu shu hong@4著 |
| 701 | 0 | @a钱忠东@Aqian zhong dong@4著 |
| 801 | 0 | @aCN@bQSSK@c20080523 |
| 905 | @b713127-29@dTV136@eW913@f3 | |
| 水力机械计算流体动力学/吴玉林, 刘树红, 钱忠东著.-北京:中国水利水电出版社,2007.10 |
| 263页:图;26cm.-(水力机械流体力学系列丛书) |
| ISBN 978-7-5084-4506-9:CNY39.00 |
| 本书为水力机械流动数值计算的现状和今后发展趋势。水力机械三维定常湍流的数值计算:不可压缩三维定常湍流的基本方程和常用湍流模型,三维定常湍流的计算的数值方法。 |
| ● |
| 相关链接 |
|
|
|
正题名:水力机械计算流体动力学
索取号:TV136/W913
 
预约/预借
| 序号 | 登录号 | 条形码 | 馆藏地/架位号 | 状态 | 备注 |
| 1 | 713127 | 207131272 | 市政与环境工程学院资料室/501自科库 47排5列2层/ [索取号:TV136/W913] | 在馆 | |
| 2 | 713128 | 207131281 | 自科库501/501自科库 47排5列2层/ [索取号:TV136/W913] | 在馆 | |
| 3 | 713129 | 207131290 | 自科库501/501自科库 47排5列2层/ [索取号:TV136/W913] | 在馆 |